<?xml version="1.0" encoding="UTF-8"?><marc:collection xmlns:marc="http://www.loc.gov/MARC21/slim">
  <marc:record>
    <marc:leader>03466nam a2200421 cb4500</marc:leader>
    <marc:controlfield tag="001">99372889150906441</marc:controlfield>
    <marc:controlfield tag="003">DE-605</marc:controlfield>
    <marc:controlfield tag="005">20240814174849.0</marc:controlfield>
    <marc:controlfield tag="007">cr#|||||||||||</marc:controlfield>
    <marc:controlfield tag="008">230816|2023    gw      ot    ||| | ger c</marc:controlfield>
    <marc:datafield tag="024" ind1="7" ind2=" ">
      <marc:subfield code="a">10.4126/FRL01-006453300</marc:subfield>
      <marc:subfield code="2">doi</marc:subfield>
    </marc:datafield>
    <marc:datafield tag="035" ind1=" " ind2=" ">
      <marc:subfield code="a">(DE-605)HT030335046</marc:subfield>
    </marc:datafield>
    <marc:datafield tag="035" ind1=" " ind2=" ">
      <marc:subfield code="a">(DE-599)HBZHT030335046</marc:subfield>
    </marc:datafield>
    <marc:datafield tag="040" ind1=" " ind2=" ">
      <marc:subfield code="a">38 M</marc:subfield>
      <marc:subfield code="b">ger</marc:subfield>
      <marc:subfield code="c">DE-605</marc:subfield>
      <marc:subfield code="d">38 M</marc:subfield>
      <marc:subfield code="e">rda</marc:subfield>
    </marc:datafield>
    <marc:datafield tag="041" ind1=" " ind2=" ">
      <marc:subfield code="a">ger</marc:subfield>
    </marc:datafield>
    <marc:datafield tag="044" ind1=" " ind2=" ">
      <marc:subfield code="c">XA-DE</marc:subfield>
    </marc:datafield>
    <marc:datafield tag="049" ind1=" " ind2=" ">
      <marc:subfield code="a">DE-98</marc:subfield>
    </marc:datafield>
    <marc:datafield tag="049" ind1=" " ind2=" ">
      <marc:subfield code="a">DE-38M</marc:subfield>
    </marc:datafield>
    <marc:datafield tag="082" ind1="0" ind2=" ">
      <marc:subfield code="a">630</marc:subfield>
    </marc:datafield>
    <marc:datafield tag="082" ind1="0" ind2=" ">
      <marc:subfield code="a">333.7</marc:subfield>
    </marc:datafield>
    <marc:datafield tag="100" ind1="1" ind2=" ">
      <marc:subfield code="a">Arlinghaus, Robert</marc:subfield>
      <marc:subfield code="d">1975-</marc:subfield>
      <marc:subfield code="0">(DE-588)128791926</marc:subfield>
      <marc:subfield code="4">aut</marc:subfield>
      <marc:subfield code="e">Verfasser</marc:subfield>
    </marc:datafield>
    <marc:datafield tag="245" ind1="1" ind2="0">
      <marc:subfield code="a">Boddenhecht - Ökologie, Nutzung und Schutz von Hechten in den Küstengewässern Mecklenburg-Vorpommerns</marc:subfield>
      <marc:subfield code="c">Robert Arlinghaus, Marlon Braun, Félicie Dhellemmes, Elias Ehrlich, Fritz H. Feldhege, Dieter Koemle, Dominique Niessner, Jonas Palder, Johannes Radinger, Carsten Riepe, Timo Rittweg, Phillip Roser &amp; Helmut Winkler; unter Mitarbeit von: Eneko Aspillaga, Stefan Dennenmoser, Malte Dorow, Jan Droll, Jan Fietzke, Colm Fitzgerald, René Friedland, Rob van Gemert, Daniel Hühn, Carsten Kühn, Artem Korzhenevych, Wolf-Christian Lewin, Olga Lukyanova, Sven Matern, Katja Mehrwald, Peter Möller, Sören Möller, Michael T. Monaghan, Arne Nolte, Hendrik Schubert, Jörg Schütt, Harry V. Strehlow, Clive N. Trueman, Cristina de la Vega-Leinert, Alena Vogt, Marc Simon Weltersbach, Linda Westphal &amp; Michael Wiedenbeck ; IGB - Leibniz-Institut für Gewässerökologie und Binnenfischerei</marc:subfield>
    </marc:datafield>
    <marc:datafield tag="264" ind1=" " ind2="1">
      <marc:subfield code="a">Berlin</marc:subfield>
      <marc:subfield code="b">Leibniz-Institut für Gewässerökologie und Binnenfischerei (IGB)</marc:subfield>
      <marc:subfield code="c">2023</marc:subfield>
    </marc:datafield>
    <marc:datafield tag="300" ind1=" " ind2=" ">
      <marc:subfield code="a">1 Online-Ressource (796 Seiten)</marc:subfield>
      <marc:subfield code="b">Illustrationen, Diagramme, Karten</marc:subfield>
    </marc:datafield>
    <marc:datafield tag="336" ind1=" " ind2=" ">
      <marc:subfield code="a">Text</marc:subfield>
      <marc:subfield code="b">txt</marc:subfield>
      <marc:subfield code="2">rdacontent</marc:subfield>
    </marc:datafield>
    <marc:datafield tag="337" ind1=" " ind2=" ">
      <marc:subfield code="a">Computer</marc:subfield>
      <marc:subfield code="b">c</marc:subfield>
      <marc:subfield code="2">rdamedia</marc:subfield>
    </marc:datafield>
    <marc:datafield tag="338" ind1=" " ind2=" ">
      <marc:subfield code="a">Online-Ressource</marc:subfield>
      <marc:subfield code="b">cr</marc:subfield>
      <marc:subfield code="2">rdacarrier</marc:subfield>
    </marc:datafield>
    <marc:datafield tag="490" ind1="1" ind2=" ">
      <marc:subfield code="a">Berichte des IGB</marc:subfield>
      <marc:subfield code="v">Heft 33</marc:subfield>
    </marc:datafield>
    <marc:datafield tag="500" ind1=" " ind2=" ">
      <marc:subfield code="a">Dieses Dokument ist lizenziert unter einer Creative Commons Namensnennung 4.0 International Lizenz (CC BY). www.creativecommons.org/licenses/by/4.0/ Von dieser Lizenz ausgenommen sind übernommene Abbildungen bereits publizierter Quellen der Autor:innen ; das Forschungsprojekt BODDENHECHT wurde vom 01.01.2019 bis 31.08.2023 von dem Europäischen Meeresfischereifond (EMFF, 75 %) und dem Land Mecklenburg-Vorpommern (M-V) finanziert. Es ist ein Gemeinschaftsprojekt zwischen dem Leibniz-Institut für Gewässerökologie und Binnenfischerei (IGB) in Kooperation mit der Landesforschungsanstalt für Landwirtschaft, Institut für Fischerei in Rostock und einer Reihe weiterer nationaler und internationaler Partner. Es fand in enger Kooperation mit Fischer:innen, Angler:innen, Guidingunternehmen und vielen weiteren Praxisakteurinnen und -akteuren statt. Koordinator war Prof. Dr. Robert Arlinghaus vom IGB und der Humboldt-Universität zu Berlin (HU) (Förderkennzeichen MV- I.18-LM-004, B 730117000069).</marc:subfield>
    </marc:datafield>
    <marc:datafield tag="506" ind1="0" ind2=" ">
      <marc:subfield code="a">Open Access</marc:subfield>
      <marc:subfield code="f">Unrestricted online access</marc:subfield>
      <marc:subfield code="2">star</marc:subfield>
    </marc:datafield>
    <marc:datafield tag="540" ind1=" " ind2=" ">
      <marc:subfield code="a">Creative Commons Namensnennung</marc:subfield>
      <marc:subfield code="f">CC BY 4.0</marc:subfield>
      <marc:subfield code="u">http://creativecommons.org/licenses/by/4.0/</marc:subfield>
      <marc:subfield code="2">cc</marc:subfield>
    </marc:datafield>
    <marc:datafield tag="710" ind1="2" ind2=" ">
      <marc:subfield code="a">Leibniz-Institut für Gewässerökologie und Binnenfischerei</marc:subfield>
      <marc:subfield code="0">(DE-588)10025895-5</marc:subfield>
      <marc:subfield code="4">isb</marc:subfield>
      <marc:subfield code="e">Herausgebendes Organ</marc:subfield>
    </marc:datafield>
    <marc:datafield tag="830" ind1=" " ind2="0">
      <marc:subfield code="a">Berichte des IGB</marc:subfield>
      <marc:subfield code="w">(DE-605)HT019936019</marc:subfield>
      <marc:subfield code="v">33</marc:subfield>
    </marc:datafield>
    <marc:datafield tag="856" ind1="4" ind2="0">
      <marc:subfield code="u">https://repository.publisso.de/resource/frl:6453300</marc:subfield>
      <marc:subfield code="3">Volltext</marc:subfield>
      <marc:subfield code="x">Archivierte Online-Ressource</marc:subfield>
    </marc:datafield>
    <marc:datafield tag="924" ind1="1" ind2=" ">
      <marc:subfield code="a">99372889150906441</marc:subfield>
      <marc:subfield code="b">DE-98</marc:subfield>
      <marc:subfield code="c">NRW</marc:subfield>
      <marc:subfield code="d">d</marc:subfield>
    </marc:datafield>
    <marc:datafield tag="924" ind1="1" ind2=" ">
      <marc:subfield code="a">99372889150906441</marc:subfield>
      <marc:subfield code="b">DE-38M</marc:subfield>
      <marc:subfield code="c">NRW</marc:subfield>
      <marc:subfield code="d">d</marc:subfield>
    </marc:datafield>
    <marc:datafield tag="960" ind1="1" ind2=" ">
      <marc:subfield code="i">iall</marc:subfield>
      <marc:subfield code="i">OA</marc:subfield>
    </marc:datafield>
    <marc:datafield tag="960" ind1="1" ind2=" ">
      <marc:subfield code="r">38 M: ellinet; GND: (DE-588)10025895-5</marc:subfield>
    </marc:datafield>
  </marc:record>
</marc:collection>
